La tierra y la mano de obra en América Latina: ensayos sobre el desarrollo del capitalismo agrario en los siglos XIX y XX
Gardado en:
| Main Authors: | , |
|---|---|
| Formato: | Libro |
| Idioma: | Lingua castelá |
| Publicado: |
Ciudad de México
Fondo de Cultura Económica
1987
|
| Series: | Fondo de Cultura Económica. Serie Economía
|
| Subjects: | |
| Tags: |
Engadir etiqueta
Sen Etiquetas, Sexa o primeiro en etiquetar este rexistro!
|
MARC
| LEADER | 00000nam a2200000 a 4500 | ||
|---|---|---|---|
| 001 | UCY1838 | ||
| 003 | CL-VaPUC | ||
| 008 | 940922e19870000MX |||||||||||||||||spa|d | ||
| 082 | 0 | 4 | |a 630 |b DUN |2 21 |
| 100 | 0 | |a Duncan, Kenneth |e author |9 329879 | |
| 700 | 0 | |a Rutledge, Jan |e author |9 329880 | |
| 245 | 1 | 3 | |a La tierra y la mano de obra en América Latina: ensayos sobre el desarrollo del capitalismo agrario en los siglos XIX y XX |
| 300 | |a 550 p | ||
| 942 | |c BK | ||
| 945 | |d 19940922 00:00:00 |a oaravena | ||
| 260 | |a Ciudad de México |b Fondo de Cultura Económica |c 1987 | ||
| 650 | 0 | |a Agricultura |9 255598 | |
| 650 | 0 | |a Aspectos económicos |9 255165 | |
| 651 | 0 | |a América Latina |9 255027 | |
| 583 | |a last modification |c 19940922 00:00:00 |k Rodrigo Vera | ||
| 490 | 0 | |a Fondo de Cultura Económica. Serie Economía | |
| 999 | |c 230422 |d 230420 | ||
| 952 | |0 0 |1 0 |4 0 |6 630_000000000000000_DUN_1987 |7 0 |8 A |9 232677 |a BIBING |b BIBING |d 2019-11-15 |i 3018164 |o 630 DUN 1987 |p 3018164 |r 2025-01-20 |w 2019-11-15 |y BK |k GEO | ||